000
00291nam a2200121Ia 4500
008
190216s9999||||xx |||||||||||||| ||und||
100
_a
Devi Prasad
245
3
_a
An Introduction To Numerical Analysis
260
_b
Narosa Pubs House
300
_a
386
650
_a
Mathematics
942
_c
BK
999
_c
32175
_d
32175